000 00972cab a2200337 4500
001 WB3026-14
008 090401t1994 xxu||||| |||| 00| 0 eng d
035 _a(Sirsi) u78731
041 _aeng
245 _aEC Habitats Directive
260 _c1994
350 _a0
490 _aDoE News Release
_v(382) 5 July 1994 (4)
520 _aDraft regulations to implement the EC Habitats Directive into UK law have been laid before Parliament.
650 _aEC DIRECTIVES
650 _aHABITATS DIRECTIVE
650 _aNATIONAL NATURE RESERVES
650 _aNATURA 2000
650 _aNATURAL HABITATS
650 _aNATURE CONSERVATION
650 _aSACS
650 _aSPAS
650 _aSPECIAL AREAS OF CONSERVATION
650 _aSPECIAL PROTECTION AREAS
650 _aSITES OF SPECIAL SCIENTIFIC INTEREST
650 _aWILDLIFE CONSERVATION
690 _aCONSERVATION
690 _aPLANNING LAW AND PRACTICE
942 _n0
948 _c04/03/1997
999 _c49492
_d49492